[Event "2nd Yerevan Open"]
[Site "?"]
[Date "2017.09.27"]
[Round "9.54"]
[White "Barseghyan , Narek"]
[Black "Davtyan , David Arm."]
[Result "0-1"]
[WhiteElo "1733"]
[BlackElo "2096"]
[PlyCount "88"]
[SourceDate "2017.09.27"]

1. d4 Nf6 2. Nf3 e6 3. Bf4 d5 4. e3 c5 5. c3 Nc6 6. Nbd2 Be7 7. Bd3 O-O 8. Bb1
b6 9. Ne5 Bb7 10. Ndf3 Nd7 11. h4 f6 12. Bxh7+ Kxh7 13. Ng5+ fxg5 14. hxg5+ Kg8
15. Qh5 Ndxe5 16. dxe5 Rf5 17. g4 Rxg5 18. Bxg5 Bxg5 19. f4 Nxe5 20. fxg5 Qxg5
21. Qh7+ Kf7 22. Rf1+ Ke7 23. O-O-O Qxe3+ 24. Rd2 Nc4 25. Qxg7+ Kd6 26. Rfd1
Nxd2 27. Rxd2 Ba6 28. Kc2 Qe4+ 29. Kc1 Qe5 30. Qh6 Qe1+ 31. Rd1 Qe3+ 32. Kb1
Qe4+ 33. Ka1 Qxg4 34. Re1 Qf5 35. Qg7 Bb5 36. Qg3+ Kc6 37. Qg7 Rf8 38. Qe7 Qe4
39. Rc1 Rh8 40. b3 Qe3 41. Rc2 Bd3 42. Qxa7 Bxc2 43. Kb2 Bd3 44. Ka3 Qc1+ 0-1

[Event "2nd Yerevan Open"]
[Site "?"]
[Date "2017.09.27"]
[Round "9.55"]
[White "Hakobyan , Hakob Mk."]
[Black "Nazemi , Pedram"]
[Result "0-1"]
[WhiteElo "1763"]
[BlackElo "1978"]
[PlyCount "62"]
[SourceDate "2017.09.27"]

1. e4 c5 2. c3 Nf6 3. e5 Nd5 4. d4 cxd4 5. Nf3 e6 6. cxd4 d6 7. a3 Nc6 8. Bd3
Be7 9. O-O O-O 10. Qc2 g6 11. Nc3 Re8 12. Ne4 dxe5 13. dxe5 Bd7 14. Bg5 Bxg5
15. Nexg5 Nd4 16. Qd2 Nb3 17. Qc2 Nxa1 18. Qc4 h6 19. Ne4 Rc8 20. Qa2 Nf4 21.
Bb1 Bb5 22. Re1 Ne2+ 23. Kh1 Rc1 24. Nd6 Rxe1+ 25. Nxe1 Qb6 26. Nd3 Bxd3 27.
Bxd3 Qxf2 28. Qxa1 Rd8 29. Qc1 Nf4 30. Be4 Qd4 31. g3 Qxe5 0-1

[Event "2nd Yerevan Open"]
[Site "?"]
[Date "2017.09.27"]
[Round "9.56"]
[White "Hakobyan , Norayr"]
[Black "Tavakalyan , Azat"]
[Result "1/2-1/2"]
[WhiteElo "1727"]
[BlackElo "1867"]
[PlyCount "77"]
[SourceDate "2017.09.27"]

1. Nf3 d5 2. d4 e6 3. c4 c5 4. e3 Nc6 5. Nc3 Nf6 6. dxc5 Bxc5 7. Be2 O-O 8. O-O
a6 9. cxd5 exd5 10. b3 Bg4 11. Bb2 Rc8 12. Rc1 Ba7 13. Nd4 Bxe2 14. Ncxe2 Bb8
15. Ng3 Re8 16. Nxc6 bxc6 17. Qd3 Ng4 18. Qd4 Qg5 19. f4 Qh6 20. h3 Nxe3 21.
Rf3 c5 22. Qxg7+ Qxg7 23. Bxg7 Kxg7 24. Rxe3 Rxe3 25. Nf5+ Kf8 26. Nxe3 Bxf4
27. Re1 c4 28. bxc4 dxc4 29. Kf2 c3 30. Rc1 Be5 31. Rc2 Ke7 32. Ke2 Ke6 33. g4
Rc5 34. Kd3 Bf4 35. Nc4 Bd2 36. Nxd2 cxd2 37. Rxd2 Rd5+ 38. Ke3 Rxd2 39. Kxd2
1/2-1/2

[Event "2nd Yerevan Open"]
[Site "?"]
[Date "2017.09.27"]
[Round "9.57"]
[White "Ohanyan , Emin"]
[Black "Rezanezhad,  Mojtaba"]
[Result "1-0"]
[WhiteElo "1672"]
[BlackElo "1822"]
[PlyCount "73"]
[SourceDate "2017.09.27"]

1. e4 c5 2. Nf3 Nc6 3. Nc3 g6 4. d4 cxd4 5. Nxd4 Bg7 6. Be3 Nf6 7. Nxc6 bxc6 8.
e5 Ng8 9. Bd4 Nh6 10. e6 O-O 11. Bxg7 Kxg7 12. Qd4+ f6 13. exd7 Qxd7 14. Qxd7
Bxd7 15. O-O-O Be6 16. Ba6 Rab8 17. Rhe1 Kf7 18. Na4 Rfd8 19. Nc5 Rxd1+ 20.
Rxd1 Bd5 21. f3 e5 22. c4 Be6 23. Rd6 Re8 24. Rxc6 Nf5 25. Nxe6 Rxe6 26. Rxe6
Kxe6 27. Bc8+ Kd6 28. Bxf5 gxf5 29. Kd2 h5 30. b4 h4 31. g3 h3 32. Ke3 Kc6 33.
g4 f4+ 34. Ke4 Kd6 35. a4 a6 36. a5 Kc6 37. g5 1-0

[Event "2nd Yerevan Open"]
[Site "?"]
[Date "2017.09.27"]
[Round "9.58"]
[White "Mkrtchyan , Mariam"]
[Black "Gevorgyan , Anahit"]
[Result "1-0"]
[WhiteElo "1794"]
[BlackElo "1723"]
[PlyCount "81"]
[SourceDate "2017.09.27"]

1. d4 Nf6 2. g3 d5 3. Bg2 c6 4. Nf3 e6 5. O-O Be7 6. c4 b6 7. Qc2 Ba6 8. Nbd2
O-O 9. Re1 Nbd7 10. b3 Rc8 11. e4 Nxe4 12. Nxe4 dxe4 13. Qxe4 Bf6 14. Ba3 Re8
15. Rad1 Be7 16. Bc1 Bb4 17. Re2 h6 18. Qc2 Bd6 19. Ne5 Bxe5 20. dxe5 Qc7 21.
f4 Bb7 22. Red2 Nf8 23. c5 b5 24. Be4 Qa5 25. Rd6 b4 26. R1d4 Red8 27. Bd2 Rxd6
28. exd6 Qd8 29. Rxb4 Rb8 30. Ra4 Ra8 31. Ba5 Qf6 32. Bc3 Qd8 33. Qb2 f6 34.
Bd3 Nd7 35. Qf2 e5 36. fxe5 Nxe5 37. Bxe5 fxe5 38. Rg4 Qf8 39. Bc4+ Kh8 40.
Qxf8+ Rxf8 41. Re4 1-0

[Event "2nd Yerevan Open"]
[Site "?"]
[Date "2017.09.27"]
[Round "9.59"]
[White "Mashalov. , Aliniyaz"]
[Black "Piliposyan , Robert"]
[Result "1/2-1/2"]
[WhiteElo "1636"]
[BlackElo "1773"]
[PlyCount "78"]
[SourceDate "2017.09.27"]

1. d4 Nf6 2. c4 e6 3. Nc3 Bb4 4. Qc2 d5 5. a3 Be7 6. c5 O-O 7. Nf3 b6 8. b4 a5
9. Bb2 axb4 10. axb4 Rxa1+ 11. Bxa1 bxc5 12. dxc5 c6 13. e3 Nfd7 14. Bd3 h6 15.
e4 Qc7 16. Qe2 Bf6 17. O-O d4 18. Nb1 e5 19. Nbd2 Qb7 20. Rb1 Qc7 21. h3 Rd8
22. Nc4 Nf8 23. Bb2 Ng6 24. Bc1 Be6 25. Qc2 Nd7 26. Ra1 Rb8 27. Bd2 Nf4 28.
Bxf4 exf4 29. Qa4 Bxc4 30. Bxc4 Qb7 31. Qa7 Kf8 32. Qxb7 Rxb7 33. b5 cxb5 34.
c6 Rb8 35. Rb1 Ne5 36. Nxe5 Bxe5 37. Rxb5 Rxb5 38. Bxb5 Ke7 39. Kf1 Kd6 1/2-1/2

[Event "2nd Yerevan Open"]
[Site "?"]
[Date "2017.09.27"]
[Round "9.60"]
[White "Arakelyan , Nare"]
[Black "Adamyan , Mane"]
[Result "0-1"]
[WhiteElo "1772"]
[BlackElo "1636"]
[PlyCount "64"]
[SourceDate "2017.09.27"]

1. e4 e6 2. d4 d5 3. Nc3 Bb4 4. e5 c5 5. a3 Bxc3+ 6. bxc3 Ne7 7. Qg4 O-O 8. Bd3
Nbc6 9. Nf3 f5 10. exf6 Rxf6 11. Bg5 e5 12. Qh4 e4 13. Bxf6 gxf6 14. Qxf6 exd3
15. cxd3 Ng6 16. Qxd8+ Nxd8 17. dxc5 Nf4 18. Kd2 Bf5 19. Nh4 Bd7 20. Rab1 Nfe6
21. Nf5 Nc6 22. Ne3 d4 23. Nd5 Rf8 24. f3 Nxc5 25. Rhe1 Be6 26. Rb5 dxc3+ 27.
Kxc3 Na4+ 28. Kd2 a6 29. Ne7+ Nxe7 30. Rxb7 Kf7 31. d4 Rd8 32. Kd3 Nc5+ 0-1

[Event "2nd Yerevan Open"]
[Site "?"]
[Date "2017.09.27"]
[Round "9.62"]
[White "Khachatryan , Hayk"]
[Black "Grigoryan , Aram"]
[Result "1-0"]
[WhiteElo "1957"]
[BlackElo "1673"]
[PlyCount "75"]
[SourceDate "2017.09.27"]

1. e4 e6 2. d4 d5 3. e5 c5 4. c3 Nc6 5. Nf3 Qb6 6. Bd3 Bd7 7. O-O cxd4 8. cxd4
Rc8 9. Nc3 Nge7 10. Re1 Ng6 11. h4 Be7 12. h5 Nh4 13. Nxh4 Bxh4 14. Be3 f5 15.
exf6 Bxf6 16. h6 g6 17. Qg4 Ne7 18. Rac1 O-O 19. Re2 Rf7 20. Bg5 Qxd4 21. Be4
Qc4 22. Bxf6 Rxf6 23. Qg3 Qc7 24. Qd3 Bc6 25. Bf3 Rcf8 26. Rce1 Qd7 27. b4 b6
28. b5 Bb7 29. Ne4 Rf4 30. Ng5 R4f6 31. Nxe6 Rc8 32. Nd4 Nf5 33. Bg4 Rcf8 34.
Bxf5 gxf5 35. Re7 Qc8 36. Qg3+ Rg6 37. Rg7+ Kh8 38. Rxg6 1-0

[Event "2nd Yerevan Open"]
[Site "?"]
[Date "2017.09.27"]
[Round "9.63"]
[White "Khachatryan , David S."]
[Black "Petrosyants, Argishti"]
[Result "1-0"]
[WhiteElo "1916"]
[BlackElo "1667"]
[PlyCount "103"]
[SourceDate "2017.09.27"]

1. d4 d5 2. c4 e6 3. Nc3 Nf6 4. g3 Be7 5. Bg2 O-O 6. Nf3 dxc4 7. Qa4 a6 8. Qxc4
b5 9. Qd3 Bb7 10. a3 Nbd7 11. O-O c5 12. Rd1 Qb6 13. h3 Rfd8 14. Be3 Rac8 15.
Rac1 Bxf3 16. Bxf3 Ne5 17. dxe5 Rxd3 18. Rxd3 Ne8 19. Ne4 Qb8 20. Nxc5 Qxe5 21.
b4 Nd6 22. Rcd1 Nc4 23. Bb7 Re8 24. Bxa6 Nb2 25. Bd4 Qxe2 26. Bxb2 Qxb2 27.
Bxb5 Rb8 28. Bc6 Rc8 29. Bb7 Rxc5 30. Rd8+ Bf8 31. bxc5 Qxb7 32. Re8 Qc6 33.
Rdd8 Qxc5 34. Rxf8+ Qxf8 35. Rxf8+ Kxf8 36. Kg2 Ke7 37. Kf3 Kd6 38. Ke4 f5+ 39.
Kd4 e5+ 40. Kc4 Kc6 41. a4 e4 42. Kd4 Kb6 43. Ke5 g6 44. g4 fxg4 45. hxg4 Ka5
46. Kxe4 Kxa4 47. g5 Kb4 48. Ke5 Kc5 49. Kf6 Kd6 50. Kg7 Ke6 51. Kxh7 Kf5 52.
f4 1-0

[Event "2nd Yerevan Open"]
[Site "?"]
[Date "2017.09.27"]
[Round "9.64"]
[White "Avagyan , Gor V."]
[Black "Chaqryan , Erik"]
[Result "0-1"]
[WhiteElo "1477"]
[BlackElo "1821"]
[PlyCount "122"]
[SourceDate "2017.09.27"]

1. Nf3 Nf6 2. b3 g6 3. Bb2 Bg7 4. e3 O-O 5. c4 c5 6. d4 cxd4 7. Nxd4 Nc6 8.
Nxc6 bxc6 9. Be2 Qc7 10. Qc2 d6 11. O-O Bf5 12. Bd3 Bxd3 13. Qxd3 d5 14. g3 Qd7
15. Nd2 Qh3 16. Qc3 e5 17. f3 Rfe8 18. Rf2 Rad8 19. Re1 Qd7 20. Rfe2 e4 21. f4
Nh5 22. Qc2 d4 23. exd4 Bxd4+ 24. Bxd4 Qxd4+ 25. Kg2 f5 26. Nb1 Ng7 27. Rd2 Qf6
28. Red1 Ne6 29. Qc3 Qxc3 30. Nxc3 Rxd2+ 31. Rxd2 Rd8 32. Rxd8+ Nxd8 33. Kf2
Ne6 34. Ke3 Kf7 35. b4 Ke7 36. a4 Kd7 37. Ne2 Kc7 38. Nd4 Nxd4 39. Kxd4 Kb6 40.
c5+ Kb7 41. Kc4 a5 42. bxa5 Ka6 43. Kb4 e3 44. Kc3 e2 45. Kd2 Kxa5 46. Kxe2
Kxa4 47. Kd3 Kb5 48. Kd4 Kb4 49. h3 h5 50. h4 Kb5 51. Ke5 Kxc5 52. Kf6 Kd6 53.
Kxg6 Ke6 54. Kxh5 Kf6 55. g4 c5 56. g5+ Kg7 57. g6 c4 58. Kg5 c3 59. h5 c2 60.
h6+ Kg8 61. Kxf5 c1=Q 0-1

[Event "2nd Yerevan Open"]
[Site "?"]
[Date "2017.09.27"]
[Round "9.65"]
[White "Hakobyan , Astghik"]
[Black "Nanyan , Georgy"]
[Result "0-1"]
[WhiteElo "1708"]
[BlackElo "1610"]
[PlyCount "74"]
[SourceDate "2017.09.27"]

1. e4 c5 2. Nf3 a6 3. d4 cxd4 4. Nxd4 Nf6 5. Nc3 e5 6. Nb3 Bb4 7. Bd3 d5 8.
exd5 Nxd5 9. Bd2 Nxc3 10. bxc3 Be7 11. O-O O-O 12. Qh5 f5 13. Bc4+ Kh8 14. Rad1
Qb6 15. Qe2 Qf6 16. Rfe1 Nc6 17. Bd5 e4 18. c4 Bd6 19. c5 Bc7 20. Bxc6 bxc6 21.
Qe3 Re8 22. Bc3 Qg6 23. Qd2 f4 24. f3 Bf5 25. fxe4 Bxe4 26. Nd4 f3 27. Rxe4
Rxe4 28. Nxf3 Rd8 29. Qc1 Rf8 30. Rd7 Rf7 31. Rxf7 Qxf7 32. Qb2 h6 33. Bd4 Bf4
34. Qc3 Qe7 35. Qd3 Rxd4 36. Nxd4 Qe1+ 37. Qf1 Be3+ 0-1

[Event "2nd Yerevan Open"]
[Site "?"]
[Date "2017.09.27"]
[Round "9.67"]
[White "Ashgari, Mitra"]
[Black "Yedigaryan, Asya"]
[Result "1-0"]
[WhiteElo "1673"]
[BlackElo "1499"]
[PlyCount "31"]
[SourceDate "2017.09.27"]

1. e4 c5 2. Nc3 Nc6 3. f4 d6 4. Nf3 g6 5. Bb5 Bg7 6. Bxc6+ bxc6 7. O-O Nf6 8.
d3 O-O 9. Qe1 Rb8 10. Qh4 Bd7 11. f5 Rb4 12. Bh6 Rxb2 13. Ng5 Be8 14. fxg6 hxg6
15. Rxf6 Bxf6 16. Bg7 1-0

[Event "2nd Yerevan Open"]
[Site "?"]
[Date "2017.09.27"]
[Round "9.66"]
[White "Brutyan, Hamlet"]
[Black "Margaryan, Yuri"]
[Result "1-0"]
[WhiteElo "1704"]
[BlackElo "1501"]
[PlyCount "77"]
[SourceDate "2017.09.27"]

1. e4 e6 2. d4 d5 3. Nc3 Nf6 4. e5 Nfd7 5. Nf3 c5 6. Be3 Nc6 7. Bb5 a6 8. Bxc6
bxc6 9. dxc5 Bxc5 10. Bxc5 Nxc5 11. Qd4 Nd7 12. O-O c5 13. Qg4 O-O 14. Rfe1 h6
15. Rad1 Rb8 16. b3 a5 17. a3 Ba6 18. h3 Kh7 19. Ne2 Bxe2 20. Rxe2 g6 21. Rd3
a4 22. Qxa4 Ra8 23. Qc6 Rxa3 24. c4 d4 25. Nxd4 Nxe5 26. Rxe5 cxd4 27. Re1 Qf6
28. Qc5 Rfa8 29. Qxd4 Qxd4 30. Rxd4 Rxb3 31. Rd7 Kg7 32. Rxe6 Ra1+ 33. Kh2 Ra2
34. Re3 Rbb2 35. Rf3 h5 36. Rfxf7+ Kg8 37. Kg3 g5 38. Rg7+ Kf8 39. Rxg5 1-0

[Event "2nd Yerevan Open"]
[Site "?"]
[Date "2017.09.27"]
[Round "9.69"]
[White "Hovyan , Nikolay"]
[Black "Mitoyan , Zhores"]
[Result "0-1"]
[WhiteElo "1414"]
[BlackElo "1440"]
[PlyCount "56"]
[SourceDate "2017.09.27"]

1. c4 Nf6 2. Nc3 c5 3. Nf3 b6 4. g3 Bb7 5. Bg2 e6 6. O-O Be7 7. d4 cxd4 8. Nxd4
Bxg2 9. Kxg2 Qc8 10. Qd3 O-O 11. a3 Nc6 12. Nxc6 Qxc6+ 13. Kg1 Rac8 14. Nb5 Qb7
15. Bf4 a6 16. Bd6 axb5 17. Bxe7 bxc4 18. Qd4 Rfe8 19. Bxf6 gxf6 20. Qxf6 Qe4
21. Rad1 d5 22. e3 Qg6 23. Qh4 f5 24. Rd4 Kg7 25. h3 Qh6 26. Qxh6+ Kxh6 27. f3
c3 28. bxc3 Rxc3 {...} 0-1